000 00498nam a2200205Ia 4500
005 20240823053219.0
008 240823s9999||||xx |||||||||||||| ||und||
020 _a978-81-8128-772-4
041 _aENGLISH
082 _A620.1054 Q4
100 _aMario Paz
245 0 _aStructural Dynamics Theory computation
250 _a5th
260 _c2014
_bSpringer International Ed
500 _aYES
650 _astructural
_bCivil
700 _a William Leigh
942 _cBK
999 _c223659
_d223659